Guess the Taylor Swift song with no hints - Statistics

General Stats
  • This quiz has been taken 51 times
  • The average score is 259 of 310
Answer Stats
Answer % Correct
a
100%
i
100%
I
100%
you
100%
You
100%
(you
100%
and
96%
And
96%
the
96%
to
96%
We
96%
we
96%
All
93%
are
93%
go
93%
in
93%
it
93%
me
93%
my
93%
too
93%
when
93%
your
93%
at
89%
can
89%
i’m
89%
not
89%
on
89%
so
89%
with
89%
you’re
89%
But
86%
but
86%
did
86%
have
86%
home
86%
just
86%
night
86%
wear
86%
why
86%
be
82%
can’t
82%
didn’t
82%
had
82%
hear
82%
how
82%
If
82%
if
82%
Look
82%
look
82%
of
82%
tears
82%
want
82%
what
82%
(when
82%
anywhere
79%
Anywhere
79%
blood
79%
‘Cause
79%
for
79%
gave
79%
grace
79%
i’d
79%
into
79%
kill
79%
ricochet
79%
still
79%
talk
79%
that
79%
this
79%
‘Til
79%
up
79%
was
79%
As
75%
babe
75%
dead
75%
Even
75%
know
75%
loved
75%
miss
75%
myself
75%
name
75%
never
75%
same
75%
sleep
75%
stayed
75%
wake
75%
wishing
75%
would
75%
bones
71%
Cursing
71%
cursing
71%
day
71%
fire
71%
heart
71%
line
71%
made
71%
out
71%
room
71%
Some
71%
some
71%
stolen
71%
sunlit
71%
worst
71%
You’ll
71%
aim
68%
around
68%
ashes
68%
beneath
68%
dying
68%
face
68%
fight
68%
haunt
68%
here
68%
hero
68%
killed
68%
saving
68%
sky)
68%
tell
68%
brave
64%
deserve
64%
fears
64%
gather
64%
ghostly
64%
hell
64%
jewels
64%
knowing
64%
scene
64%
screaming
64%
stones
64%
swear
64%
throw
64%
tossing
64%
turned
64%
used
64%
waves
64%
will
64%
diamond
61%
flying
61%
good
61%
lullabies)
61%
make
61%
mean
61%
ring
61%
sink
61%
they’ll
61%
Weepin’
61%
battleships
57%
blame
57%
drunk
57%
bury
54%
years
54%
pain
50%
Crossing
43%
No matching quizzes found
Score Distribution
Percent of People with Each Score
Percentile by Number Answered
Your Score History
You have not taken this quiz